| 000 | 00508nam a22001817a 4500 | ||
|---|---|---|---|
| 003 | MPLRDC | ||
| 005 | 20220104160007.0 | ||
| 008 | 210129b ||||| |||| 00| 0 eng d | ||
| 020 | _a7-5433-1253-0 | ||
| 082 | _a416.9 TYLD | ||
| 100 | _aWILLIAM R TYLDESLEY 编著 | ||
| 245 |
_a口腔内科学诊所彩色图谱 _c徐连来、张结 翻译 |
||
| 250 | _a一版一刷 | ||
| 260 |
_a中国 _b天津科技翻译出版公司 _c2001 |
||
| 300 | _b平 | ||
| 650 | _a口腔科知识 | ||
| 942 |
_cBK _o416.9 TYLD |
||
| 999 |
_c54768 _d54758 |
||